00370cam a22001217a 4500008004000000082001600040245007900056260002700135300001000162650002400172650003000196700002200226180718b1986 xxu||||| |||| 00| 0 eng d aZ09x54 G959 aAgrarian structure and peasant revolt in Indiacedited by Amit Kumar Gupta aDelhibCtiterionc1986 a234p. aLand tenure - India aPeasant uprisings - India aGupta, Amit Kumar